Llwytho...

Economics of Social Sector and Environment : Text book for M.A. and Honours Students

Manylion Llyfryddiaeth
Prif Awdur: Udai Praksh, Sinha
Fformat: Printed Book
Iaith:Undetermined
English
Cyhoeddwyd: New Delhi Concept Publishing Company 2007
Pynciau:
LEADER 00627nam a2200181Ia 4500
008 140306s9999 xx 000 0 und d
020 |a 8180694690 
041 |a eng 
082 |a 333.7  |b UDA/EC 
100 |a Udai Praksh, Sinha 
245 |a Economics of Social Sector and Environment : Text book for M.A. and Honours Students 
260 |a New Delhi  |b Concept Publishing Company  |c 2007 
300 |a 288 
365 |b Rs.550/- 
650 |a Environmental Management 
942 |2 ddc  |c BK 
999 |c 186755  |d 186755 
952 |0 0  |1 0  |2 ddc  |4 0  |6 333_700000000000000_UDA_EC  |7 0  |9 192769  |a KAUCBV  |b KAUCBV  |g 550.00  |o 333.7 UDA/EC  |r 2014-03-22  |w 2014-03-22  |y BK